Länder der Welt - 30 Sekunden Sprint - Statistiken

Allgemein
  • Dieses Quiz wurde 161 mal gespielt
  • Das Durchschnittsergebnis liegt bei 14 aus 196
Antworten auf der Karte
Die Antworten werden auf der Karte rot bzw. grün angezeigt, abhängig davon wie oft sie richtig erraten wurden.
 
Antwortstatistiken
Land % Korrekt
Vereinigte Staaten
87%
Kanada
60%
Russland
53%
Deutschland
51%
China
44%
Mexiko
38%
Vereinigte Arabische Emirate
34%
Indien
33%
Brasilien
27%
Frankreich
27%
Australien
26%
Island
26%
Italien
24%
Vereinigtes Königreich
24%
Irak
23%
Iran
23%
Kuba
23%
Spanien
23%
Japan
22%
Mali
22%
Polen
22%
Laos
21%
Peru
21%
Irland
20%
Chile
19%
Belgien
17%
Dänemark
16%
Portugal
16%
Schweiz
16%
Togo
16%
Zentralafrikanische Republik
15%
Demokratische Republik Kongo
13%
Ghana
13%
Republik Kongo
13%
Schweden
13%
Niger
12%
Tonga
12%
Benin
11%
Nauru
11%
Oman
11%
Thailand
11%
Vietnam
11%
Österreich
10%
Jemen
9%
Niederlande
9%
Palau
9%
Südafrika
9%
Sudan
9%
Südkorea
9%
Argentinien
7%
Bahamas
7%
Ecuador
7%
Estland
7%
Gambia
7%
Guinea
7%
Haiti
7%
Lettland
7%
Neuseeland
7%
Norwegen
7%
Samoa
7%
Tschad
7%
Ungarn
7%
Bolivien
6%
Finnland
6%
Gabun
6%
Indonesien
6%
Kenia
6%
Nigeria
6%
Ukraine
6%
Bhutan
5%
Dominikanische Republik
5%
Honduras
5%
Israel
5%
Litauen
5%
Malta
5%
Monaco
5%
Mongolei
5%
Vatikanstadt
5%
Ägypten
4%
Albanien
4%
Belize
4%
Costa Rica
4%
Jamaika
4%
Katar
4%
Kiribati
4%
Panama
4%
Sri Lanka
4%
Taiwan
4%
Türkei
4%
Eritrea
3%
Fidschi
3%
Kolumbien
3%
Marokko
3%
Nordkorea
3%
Serbien
3%
Slowenien
3%
Somalia
3%
Tuvalu
3%
Uruguay
3%
Venezuela
3%
Algerien
2%
Angola
2%
Bahrain
2%
Barbados
2%
Brunei
2%
El Salvador
2%
Guatemala
2%
Guyana
2%
Komoren
2%
Kosovo
2%
Lesotho
2%
Liberia
2%
Liechtenstein
2%
Malaysia
2%
Montenegro
2%
Namibia
2%
Nicaragua
2%
Osttimor
2%
Pakistan
2%
Papua-Neuguinea
2%
Rumänien
2%
Sambia
2%
San Marino
2%
São Tomé und Príncipe
2%
Slowakei
2%
Südsudan
2%
Suriname
2%
Tschechien
2%
Andorra
1%
Antigua und Barbuda
1%
Armenien
1%
Äthiopien
1%
Belarus
1%
Bosnien und Herzegowina
1%
Bulgarien
1%
Burundi
1%
Dominica
1%
Georgien
1%
Kambodscha
1%
Kap Verde
1%
Kroatien
1%
Kuwait
1%
Libanon
1%
Libyen
1%
Malawi
1%
Malediven
1%
Mauretanien
1%
Mauritius
1%
Nepal
1%
Nordmazedonien
1%
Paraguay
1%
Philippinen
1%
Saudi-Arabien
1%
Senegal
1%
Simbabwe
1%
Singapur
1%
St. Kitts und Nevis
1%
St. Lucia
1%
Syrien
1%
Tansania
1%
Usbekistan
1%
Vanuatu
1%
Zypern
1%
Afghanistan
0%
Äquatorial-Guinea
0%
Aserbaidschan
0%
Bangladesch
0%
Botswana
0%
Burkina Faso
0%
Dschibuti
0%
Elfenbeinküste
0%
Eswatini
0%
Föderierte Staaten von Mikronesien
0%
Grenada
0%
Griechenland
0%
Guinea-Bissau
0%
Jordanien
0%
Kamerun
0%
Kasachstan
0%
Kirgisistan
0%
Luxemburg
0%
Madagaskar
0%
Marshallinseln
0%
Moldawien
0%
Mosambik
0%
Myanmar
0%
Ruanda
0%
Salomonen
0%
Seychellen
0%
Sierra Leone
0%
St. Vincent und die Grenadinen
0%
Tadschikistan
0%
Trinidad und Tobago
0%
Tunesien
0%
Turkmenistan
0%
Uganda
0%
Keine übereinstimmenden Quizze gefunden
Verteilung der Resultate
Anzahl Personen mit jedem Resultat
Perzentil nach korrekt beantworteten Fragen
Ihre Resultats-Entwicklung
Sie haben dieses Quiz noch nicht gespielt